|
|
|
|
| LEADER |
00945nam a2200265 u 4500 |
| 001 |
10016293 |
| 003 |
upatras |
| 005 |
20210512112933.0 |
| 008 |
881025s1996 eng |
| 020 |
|
|
|a 1185493102
|
| 040 |
|
|
|a GR-PaULI
|c GR-PaULI
|
| 041 |
0 |
|
|a eng
|
| 082 |
0 |
4 |
|a 822
|
| 100 |
1 |
|
|a Gussow, Mel
|9 137348
|
| 245 |
1 |
0 |
|a Conversations with (and about) Beckett
|c Mel Gussow
|
| 260 |
|
|
|a London
|b Nick Hern Books
|c 1996
|
| 300 |
|
|
|a 192 p.
|c 23 cm
|
| 505 |
1 |
|
|a Includes index
|
| 650 |
|
4 |
|a Αγγλικό δράμα
|9 136208
|
| 650 |
|
4 |
|a Θέατρο
|z Αγγλία
|9 978
|
| 600 |
1 |
4 |
|a Beckett, Samuel,
|d 1906-1989
|9 977
|
| 852 |
|
|
|a GR-PaULI
|b ΠΑΤΡΑ
|b ΘΕΑΤΡΟΛΟΓΙΑ
|k ΑΣΧΞ
|h 822 G
|m 33530
|p 025000014547
|t 1
|
| 942 |
|
|
|2 ddc
|c BK15
|
| 952 |
|
|
|0 0
|1 0
|2 ddc
|4 0
|6 822_912000000000000_BEC_GUS
|7 0
|9 164418
|a THST
|b THST
|d 2016-04-24
|i 005598
|l 0
|o 822.912 BEC GUS
|p 025000014547
|r 2016-04-24 00:00:00
|t 1
|w 2016-04-24
|y BK15
|
| 999 |
|
|
|c 103093
|d 103093
|